| 000 | 02796nam a22003137a 4500 | ||
|---|---|---|---|
| 005 | 2011072903513.0 | ||
| 010 | _aB-441365-366 | ||
| 020 |
_a9780670083275 _c599.00 |
||
| 035 | _aB-441365-366 | ||
| 035 | _aB-424105-108 | ||
| 037 | _bAllied Pub/Ven | ||
| 082 | 0 | 0 |
_a337.54051 _222 |
| 100 | 1 |
_aJha, Prem Shankar. _932193 |
|
| 245 | 1 | 0 |
_aIndia and China : _bthe battle between soft and hard power / _cPrem Shankar Jha. |
| 260 |
_aNew Delhi _bPenguin Books India _cc2010. |
||
| 270 |
_a11, Community Centre, Panchsheel Park _bNew Delhi _e110017 |
||
| 300 |
_ax, 398 p. ; _c21 cm.(Hb) |
||
| 500 | _aIncludes bibliographical references (p. [348]-398). | ||
| 505 | 0 | _aA study in contrasts -- 1. Hegemony in decline -- 2. David and Goliath -- 3. On parallel tracks -- 4. Explaining China's and India's rise -- China -- 5. China: the management of disorder -- 6. Enigmas explained -- 7. A predatory state -- 8. How recession has sharpened conflict -- India -- 9. Why was India's growth so slow? -- 10. Reforms and the demise of the intermediate regime -- China -- 11. The innate conservatism of China's reforms -- 12. Democratization with Chinese characteristics--the bridge China must cross -- India -- 13. India: the challenge of the future -- 14. Fading vision of equity -- Conclusion -- 15. Running out of time. | |
| 942 |
_2ddc _cEN _h337.54051 _mJHA |
||
| 999 |
_c54573 _d54573 |
||